Catálogo
 En Linea

Diaz de la Peña : (Registro nro. 35349)

Detalles MARC
000 -CABECERA
campo de control de longitud fija 00586nam a2200181 a 4500
001 - NÚMERO DE CONTROL
campo de control 000035858
005 - FECHA Y HORA DE LA ÚLTIMA TRANSACCIÓN
campo de control 20200930074654.0
008 - DATOS DE LONGITUD FIJA--INFORMACIÓN GENERAL
campo de control de longitud fija 111115s1914 fr ac 000 0 fre d
040 ## - FUENTE DE LA CATALOGACIÓN
Centro catalogador/agencia de origen DO-SdBNP
Lengua de catalogación fre
Centro/agencia transcriptor BNPHU
082 ## - NÚMERO DE LA CLASIFICACIÓN DECIMAL DEWEY
Número de clasificación xxxx
Número de documento/Ítem D542
245 00 - MENCIÓN DE TÍTULO
Título Diaz de la Peña :
Resto del título huit reproductions facsimile en couleurs.
246 04 - FORMA VARIANTE DE TÍTULO
Título propio/Titulo breve N. Diaz
260 ## - PUBLICACIÓN, DISTRIBUCIÓN, ETC.
Lugar de publicación, distribución, etc. Paris :
Nombre del editor, distribuidor, etc. Pierre Lafitte et Cie,
Fecha de publicación, distribución, etc. 1914.
300 ## - DESCRIPCIÓN FÍSICA
Extensión 80 p. :
Otras características físicas il., retr. ;
Dimensiones 20 cm.
490 1# - MENCIÓN DE SERIE
Mención de serie Les peintres illustres
Designación de volumen o secuencia 64
500 ## - NOTA GENERAL
Nota general En la cubierta: Artistic-bibliothéque en couleurs
830 #0 - PUNTO DE ACCESO ADICIONAL DE SERIE-TÍTULO UNIFORME
Título uniforme Les peintres illustres
Designación de volumen o secuencia 64
9 (RLIN) 61839
Existencias
Estado de retiro Estado de pérdida Restricciones de uso No para préstamo Código de colección Localización permanente Ubicación/localización actual Ubicación en estantería Fecha de adquisición Número de inventario Total de préstamos Signatura topográfica completa Código de barras Fecha visto por última vez Precio válido a partir de Tipo de ítem Koha Nota pública
        Monografías: Libros y Folletos General General Orden iniciada 15.11.2011 LF1   xxxx D542 35858-10 25.06.2020 25.06.2020 No se presta Perteneció a la biblioteca personal de Juan Isidro Jimenes -Grullón

Con tecnología Koha